000 00480nam a2200181Ia 4500
999 _c1630
_d1630
003 OSt
005 20211102112249.0
008 190216s9999||||xx |||||||||||||| ||und||
040 _coclc
082 _a581
_bPAN/T
100 _aPandey, S N
_92549
245 0 _aA Text Book Of Botany /
_cS N Pandey
250 _aVol - 2
260 _bVikas Publishing House,
_aNew Delhi:
300 _a644p
650 _aBotany
942 _cBK
_2ddc
_h581
_iPAN/T
_k581
_mPAN/T